Vector analysis with applications (Record no. 5838)

000 -LEADER
fixed length control field 00528nam a22002051 4500
001 - CONTROL NUMBER
control field 5838
003 - CONTROL NUMBER IDENTIFIER
control field BD-DhUET
008 - FIXED-LENGTH DATA ELEMENTS--GENERAL INFORMATION
fixed length control field 861017s1932 enka 000 0 eng c
020 ## - INTERNATIONAL STANDARD BOOK NUMBER
International Standard Book Number 8122405487
040 ## - CATALOGING SOURCE
Original cataloging agency DLC/ICU
Transcribing agency CGU
Modifying agency BD-DhUET
082 0# - DEWEY DECIMAL CLASSIFICATION NUMBER
Classification number 516.83
Item number ALI/1993
100 ## - MAIN ENTRY--PERSONAL NAME
Personal name Ali Ashraf, Md.
245 10 - TITLE STATEMENT
Title Vector analysis with applications
250 ## - EDITION STATEMENT
Edition statement 3rd ed.
260 ## - PUBLICATION, DISTRIBUTION, ETC. (IMPRINT)
Place of publication, distribution, etc. New Delhi
Name of publisher, distributor, etc. Wiley Eastern
Date of publication, distribution, etc. 1993
300 ## - PHYSICAL DESCRIPTION
Extent xv,308p.
Other physical details ill.
Dimensions 23 cm.
504 ## - BIBLIOGRAPHY, ETC. NOTE
Bibliography, etc Includes bibliographies
650 #0 - SUBJECT ADDED ENTRY--TOPICAL TERM
Topical term or geographic name as entry element Vector analysis
942 ## - ADDED ENTRY ELEMENTS (KOHA)
Koha item type General Book
Holdings
Damaged status Koha normalized classification for sorting Piece designation (barcode) Price effective from Date acquired Koha renewals Koha full call number Koha date last borrowed Lost status Copy number Not for loan Sublocation or collection (holding branch) Koha date last seen Source of classification or shelving scheme Koha issues (times borrowed) Shelving location Koha item type Withdrawn status Koha out on loan Location (home branch)
 516_830000000000000_ALI_1993875312014-11-292014-11-29 516.83/ALI/19932022-12-13 8 Central Library, BUET2022-12-13 3Circulation sectionGeneral Book 2022-12-27Central Library, BUET
 516_830000000000000_ALI_1998875282014-12-212014-12-211516.83/ALI/19982025-04-29 2 Central Library, BUET2025-05-13 13Circulation sectionGeneral Book  Central Library, BUET
 516_830000000000000_ALI_1998875302015-01-272015-01-27 516.83/ALI/1998  3 Central Library, BUET2016-04-02  Circulation sectionGeneral Book  Central Library, BUET
 516_830000000000000_ALI_1998487832015-01-312015-01-31 516.83/ALI/19982022-12-13 4 Central Library, BUET2025-11-30 6Circulation sectionGeneral Book  Central Library, BUET
 516_830000000000000_ALI_1998941022015-02-112015-02-11 516.83/ALI/19982020-01-05 1 Central Library, BUET2020-11-03 5Circulation sectionGeneral Book  Central Library, BUET
 516_830000000000000_ALI_1993875252015-04-112015-04-11 516.83/ALI/19932024-04-02 7 Central Library, BUET2025-11-18 8Circulation sectionGeneral Book  Central Library, BUET
 516_830000000000000_ALI_1993875262015-04-232015-04-23 516.83/ALI/19932023-09-27 6 Central Library, BUET2025-11-29 6Circulation sectionGeneral Book  Central Library, BUET
 516_830000000000000_ALI_1993875292015-05-032015-05-03 516.83/ALI/19932022-03-30 7 Central Library, BUET2022-05-25 2Circulation sectionGeneral Book  Central Library, BUET
 516_830000000000000_ALI_1993875502015-06-072015-06-07 516.83/ALI/1993  9 Central Library, BUET2015-06-07  Reading sectionReading Item  Central Library, BUET
 516_830000000000000_ALI_1993923742015-06-072015-06-07 516.83/ALI/1993  10 Central Library, BUET2015-06-07  Reading sectionReading Item  Central Library, BUET
 516_830000000000000_ALI_1993941002015-06-082015-06-08 516.83/ALI/1993  12 Central Library, BUET2015-06-08  Reading sectionReading Item  Central Library, BUET
 516_830000000000000_ALI_1993875512015-06-142015-06-14 516.83/ALI/1993  13 Central Library, BUET2015-06-14  Reading sectionReading Item  Central Library, BUET
 516_830000000000000_ALI_1993875272015-09-022015-09-02 516.83/ALI/1993  14 Central Library, BUET2017-03-04  Circulation sectionGeneral Book  Central Library, BUET